| 000 | 00573nam a2200181Ia 4500 | ||
|---|---|---|---|
| 008 | 090123s9999 xx 000 0 und d | ||
| 082 | _b41867 | ||
| 100 | _aकुलकर्णी जयश्री | ||
| 245 | _aविषवल्ली | ||
| 250 | _a1 | ||
| 260 |
_bमेहता पब्लीशिंग हाउस _c2007 |
||
| 300 | _a145 | ||
| 600 | _aकुलकर्णी जयश्री | ||
| 630 | _aविषवल्ली | ||
| 700 | _aकुलकर्णी जयश्री | ||
| 730 | _aविषवल्ली | ||
| 942 | _cBOOK | ||
| 999 |
_c79944 _d79944 |
||